[Event "ch-RUS Blitz 2017"]
[Site "Sochi RUS"]
[Date "2017.10.02"]
[Round "7.12"]
[White "Dubov, Daniil"]
[Black "Korotylev, Alexey"]
[Result "1/2-1/2"]
[WhiteTitle "GM"]
[BlackTitle "GM"]
[WhiteElo "2666"]
[BlackElo "2573"]
[WhiteFideId "24126055"]
[BlackFideId "4119142"]
[EventDate "2017.10.02"]
[EventType "blitz"]

1. c4 e5 2. Nc3 Nf6 3. Nf3 Nc6 4. g3 Bb4 5. Bg2 O-O 6. O-O e4 7. Ng5 Bxc3 8.
bxc3 Re8 9. f3 exf3 10. Nxf3 Qe7 11. e3 Ne5 12. Nxe5 Qxe5 13. c5 Qxc5 14. c4 d6
15. Bb2 Ne4 16. Rf4 Ng5 17. Bd4 Qa5 18. Bc3 Qc5 19. Rb1 Nh3+ 20. Bxh3 Bxh3 21.
Rh4 Bd7 22. Rh5 Qxc4 23. Rb4 Qd3 24. Rg5 g6 25. Qf3 Re5 26. Rxe5 dxe5 27. Qf6
Qd6 28. Qxd6 cxd6 29. Rxb7 Be6 30. a4 a6 31. Rb6 f6 32. Rxd6 Kf7 33. Rb6 g5 34.
Kf2 h5 35. d4 Rc8 36. Rb7+ Kg6 37. Bd2 exd4 38. exd4 Rc4 39. Rb6 Bd5 40. a5 Rxd4
41. Bc3 Rd3 42. Rxf6+ Kh7 43. Be5 Bc4 44. Rc6 Bb5 45. Rf6 g4 46. Rf7+ Kg6 47.
Rf6+ Kh7 1/2-1/2

[Event "ch-RUS Blitz 2017"]
[Site "Sochi RUS"]
[Date "2017.10.02"]
[Round "7.13"]
[White "Tomashevsky, Evgeny"]
[Black "Popov, Ivan RUS"]
[Result "1/2-1/2"]
[WhiteTitle "GM"]
[BlackTitle "GM"]
[WhiteElo "2710"]
[BlackElo "2599"]
[WhiteFideId "4147235"]
[BlackFideId "4170350"]
[EventDate "2017.10.02"]
[EventType "blitz"]

1. Nf3 Nf6 2. g3 d5 3. Bg2 e6 4. O-O Be7 5. c4 O-O 6. b3 b6 7. Bb2 Bb7 8. e3 c5
9. Nc3 Qc8 10. Rc1 dxc4 11. bxc4 Ne4 12. d4 Nxc3 13. Rxc3 Rd8 14. Qa1 Bf6 15.
Rcc1 Nc6 16. dxc5 Bxb2 17. Qxb2 bxc5 18. Rfd1 Qc7 19. Ne5 Nxe5 20. Qxb7 Qxb7 21.
Bxb7 Rab8 22. Ba6 Nd3 23. Rb1 Nb4 24. Bb5 Nxa2 25. Ra1 Rxd1+ 26. Rxd1 Nc3 27.
Rd7 Nxb5 28. cxb5 g5 29. Rxa7 Rxb5 30. Rc7 g4 31. h3 h5 32. hxg4 hxg4 33. Kf1
Kg7 34. Ke2 Rb2+ 35. Ke1 Rc2 36. e4 Rc4 37. Kd2 Kf6 38. e5+ Kg6 39. Ke3 Kf5 40.
Rxf7+ Kxe5 41. Rc7 Rc3+ 42. Kd2 Rc4 43. Kd3 Rd4+ 44. Ke3 Kd5 45. f3 gxf3 46.
Kxf3 c4 47. g4 Rd3+ 48. Kf2 Rd4 49. Kf3 Rd3+ 50. Kf2 c3 51. g5 Kd6 52. Rc4 Ke5
53. g6 Kf6 54. Rc6 Kxg6 55. Rxe6+ Kf5 56. Re8 Rd2+ 57. Ke3 Rd1 58. Rc8 Rc1 1/2-1/2

[Event "ch-RUS Blitz 2017"]
[Site "Sochi RUS"]
[Date "2017.10.02"]
[Round "7.14"]
[White "Inarkiev, Ernesto"]
[Black "Belyakov, Bogdan"]
[Result "1-0"]
[WhiteTitle "GM"]
[BlackTitle "IM"]
[WhiteElo "2694"]
[BlackElo "2486"]
[WhiteFideId "4162722"]
[BlackFideId "24104795"]
[EventDate "2017.10.02"]
[EventType "blitz"]

1. e4 e5 2. Nf3 Nc6 3. Bc4 Bc5 4. O-O Nf6 5. d3 O-O 6. h3 a6 7. c3 Ba7 8. Bb3 d6
9. Re1 Be6 10. Bc2 Ne7 11. Nbd2 Ng6 12. Nf1 Nh5 13. Bg5 f6 14. Be3 Nhf4 15. d4
Qd7 16. h4 Bg4 17. g3 Nh3+ 18. Kg2 f5 19. exf5 Bxf5 20. Bxf5 Qxf5 21. dxe5 Nxf2
22. Bxf2 Bxf2 23. Kxf2 Nxe5 24. Rxe5 Qxe5 25. Kg2 Qe4 26. Nd2 Qc6 27. Qb3+ Kh8
28. Qc4 Qd7 29. Re1 Rae8 30. Rxe8 Rxe8 31. Ng5 Rf8 32. Qd3 Qf5 33. Qxf5 Rxf5 34.
Ndf3 a5 35. Ne6 c6 36. a4 Rf7 37. Ned4 g6 38. Ng5 Re7 39. Kf2 Kg7 40. Nge6+ Kf6
41. Nf4 h6 42. Ng2 d5 43. Ne3 h5 44. Nf3 Rd7 45. Ng2 c5 46. Nf4 d4 47. c4 Kf5
48. Nd3 b6 49. Nf4 Rd6 50. Ng5 d3 51. Nd5 d2 52. Ke2 Kg4 53. Kxd2 Rc6 1-0

[Event "ch-RUS Blitz 2017"]
[Site "Sochi RUS"]
[Date "2017.10.02"]
[Round "7.15"]
[White "Usmanov, Vasily"]
[Black "Sjugirov, Sanan"]
[Result "1-0"]
[WhiteTitle "IM"]
[BlackTitle "GM"]
[WhiteElo "2459"]
[BlackElo "2650"]
[WhiteFideId "4135741"]
[BlackFideId "4189302"]
[EventDate "2017.10.02"]
[EventType "blitz"]

1. d4 d6 2. c4 g6 3. Nc3 Bg7 4. Nf3 Nc6 5. h3 e5 6. dxe5 dxe5 7. Qxd8+ Kxd8 8.
Bd2 Be6 9. O-O-O Kc8 10. e3 f6 11. g4 Nge7 12. Ne4 b6 13. Bc3 h6 14. Rg1 Kb7 15.
h4 g5 16. hxg5 hxg5 17. b3 a5 18. a4 Rad8 19. Rxd8 Nxd8 20. Nfd2 Nf7 21. Be2 Kc8
22. Ng3 Ng8 23. Nde4 Bf8 24. Nh5 Be7 25. Rg3 Nd6 26. Nxd6+ cxd6 27. Bf3 Kc7 28.
Rg1 Nh6 29. Ng7 Bd7 30. Rh1 Bf8 31. Nf5 Rh7 32. Be4 Rh8 33. f3 Nf7 34. Rxh8 Nxh8
35. Kc2 Nf7 36. Kd3 Nd8 37. Bd5 Ne6 38. Bxe6 Bxe6 39. e4 Kc6 40. Ng3 Be7 41. Nh5
Bf7 42. Ng7 Bd8 43. Nf5 Be6 44. Bd2 Bd7 45. Be3 Be6 46. Kc3 Bf7 47. Bf2 Be6 48.
Ne3 Bd7 49. Nd5 Kb7 50. Kb2 Bc6 51. Ka3 Bd7 52. b4 axb4+ 53. Kxb4 Bc6 54. Nc3
Be7 55. Kb3 Bd8 56. Be1 Bd7 57. Nb5 Be7 58. Bb4 Kc6 59. Kc3 Be6 60. Na7+ Kb7 61.
Nb5 Kc6 62. Kb3 Bf7 63. Nc3 Be6 64. Nd5 Bd8 65. Ba3 Bd7 66. Nc3 Be6 67. Nb5 Be7
68. Bb4 Bf7 69. a5 bxa5 70. Bxa5 Be6 71. Nc3 Bf8 72. Nd5 Bg7 73. Kb4 Kd7 74. Kb5
Bf7 75. Kb6 Be6 76. Kb7 Bf7 77. Bc7 Bg8 78. Nb6+ Ke6 79. Kc6 Bf8 80. Nc8 Bf7 81.
Bxd6 Be8+ 82. Kc7 Bg7 83. c5 Ba4 84. c6 Bd1 85. Bc5 Bxf3 86. Kb8 Bxe4 87. c7 Bd3
88. Nd6 Ba6 89. Nb7 Kd5 1-0

[Event "ch-RUS Blitz 2017"]
[Site "Sochi RUS"]
[Date "2017.10.02"]
[Round "7.16"]
[White "Sarana, Alexey"]
[Black "Popov, Mikhail"]
[Result "0-1"]
[WhiteTitle "GM"]
[BlackTitle "FM"]
[WhiteElo "2541"]
[BlackElo "2416"]
[WhiteFideId "24133795"]
[BlackFideId "4146182"]
[EventDate "2017.10.02"]
[EventType "blitz"]

1. d4 g6 2. Nf3 Bg7 3. g3 Nf6 4. Bg2 O-O 5. c4 d6 6. Nc3 c5 7. O-O Nc6 8. d5 Na5
9. Nd2 a6 10. Qc2 Rb8 11. b3 b5 12. Bb2 Bf5 13. e4 Bd7 14. Rab1 e5 15. dxe6 fxe6
16. cxb5 axb5 17. a4 bxa4 18. bxa4 Ng4 19. Nb5 Bxb2 20. Rxb2 Qe7 21. Qc3 Ra8 22.
f4 Rfc8 23. h3 Nf6 24. e5 Nd5 25. Bxd5 exd5 26. exd6 Qf7 27. Nf3 d4 28. Qd3 Bf5
29. Qe2 d3 30. Qf2 Nc4 31. h4 Ne5 32. fxe5 c4 33. Nc3 Qd7 34. Qg2 Be6 35. Rb7
Rf8 0-1

[Event "ch-RUS Blitz 2017"]
[Site "Sochi RUS"]
[Date "2017.10.02"]
[Round "7.17"]
[White "Rozum, Ivan"]
[Black "Antonenko, Vladimir"]
[Result "1-0"]
[WhiteTitle "GM"]
[BlackTitle "FM"]
[WhiteElo "2590"]
[BlackElo "2330"]
[WhiteFideId "24104272"]
[BlackFideId "24159409"]
[EventDate "2017.10.02"]
[EventType "blitz"]

1. e4 c5 2. Nc3 Nc6 3. g3 g6 4. Bg2 Bg7 5. d3 e5 6. Nge2 Nge7 7. O-O O-O 8. f4
d6 9. fxe5 Nxe5 10. Bf4 h6 11. h3 Kh7 12. Qd2 Be6 13. Be3 g5 14. g4 N7g6 15. Ng3
Nh4 16. Nf5 Bxf5 17. exf5 Nxg2 18. Qxg2 Nc6 19. Nd5 Bxb2 20. Rab1 Bd4 21. Bxd4
Nxd4 22. Rxb7 Rb8 23. Rxb8 Qxb8 24. c3 Nb5 25. Rb1 a6 26. a4 1-0

[Event "ch-RUS Blitz 2017"]
[Site "Sochi RUS"]
[Date "2017.10.02"]
[Round "7.18"]
[White "Yuffa, Daniil"]
[Black "Ivlev, Aleksey"]
[Result "1/2-1/2"]
[WhiteTitle "GM"]
[BlackTitle "FM"]
[WhiteElo "2527"]
[BlackElo "2259"]
[WhiteFideId "24131423"]
[BlackFideId "24185949"]
[EventDate "2017.10.02"]
[EventType "blitz"]

1. d4 Nf6 2. c4 e6 3. g3 d5 4. Nf3 Bb4+ 5. Bd2 Be7 6. Bg2 O-O 7. O-O c6 8. Qc2
Nbd7 9. Rd1 b6 10. b3 a5 11. Bc3 Ba6 12. Nbd2 Rc8 13. e4 b5 14. e5 Ne8 15. c5 b4
16. Bb2 f6 17. exf6 Bxf6 18. Re1 Nc7 19. a3 Bb5 20. axb4 axb4 21. Nf1 Re8 22.
Ne5 Nxe5 23. dxe5 Be7 24. Bd4 Ra8 25. Ne3 Qd7 26. f4 Rxa1 27. Rxa1 Ra8 28. Rxa8+
Nxa8 29. Bh3 g6 30. Ng4 Qa7 31. Nf6+ Bxf6 32. exf6 Kf7 33. Bg4 Nc7 34. h4 Ne8
35. Qb2 Qa3 36. Kf2 Qxb2+ 37. Bxb2 Nxf6 38. Bf3 Bd3 39. Bc1 Bc2 40. Bd2 Bxb3 41.
Bxb4 Bc2 42. Bc3 Ne4+ 43. Bxe4 1/2-1/2

[Event "ch-RUS Blitz 2017"]
[Site "Sochi RUS"]
[Date "2017.10.02"]
[Round "7.19"]
[White "Triapishko, Alexandr"]
[Black "Novikov, Maxim"]
[Result "1-0"]
[WhiteTitle "IM"]
[BlackTitle "GM"]
[WhiteElo "2500"]
[BlackElo "2501"]
[WhiteFideId "14122286"]
[BlackFideId "4161289"]
[EventDate "2017.10.02"]
[EventType "blitz"]

1. d4 Nf6 2. Nc3 d5 3. Bf4 e6 4. Nb5 Na6 5. e3 Bd6 6. Nxd6+ cxd6 7. c3 O-O 8.
Nf3 Nc7 9. Bd3 Ne4 10. h4 f5 11. Qe2 Bd7 12. Nd2 Bc6 13. O-O-O Qe7 14. f3 Nxd2
15. Qxd2 b5 16. g4 a5 17. gxf5 exf5 18. Rdg1 Ne6 19. Qh2 Rad8 20. h5 b4 21. cxb4
axb4 22. Rg2 Rf7 23. Rhg1 Kh8 24. Kb1 Qa7 25. Bxd6 Ra8 26. b3 f4 27. Be5 h6 28.
Rg6 1-0

[Event "ch-RUS Blitz 2017"]
[Site "Sochi RUS"]
[Date "2017.10.02"]
[Round "7.20"]
[White "Utnasunov, Alexander"]
[Black "Lugovskoy, Maxim"]
[Result "0-1"]
[BlackTitle "GM"]
[WhiteElo "2446"]
[BlackElo "2474"]
[WhiteFideId "4134524"]
[BlackFideId "24126454"]
[EventDate "2017.10.02"]
[EventType "blitz"]

1. d4 d5 2. c4 e6 3. Nc3 a6 4. cxd5 exd5 5. Bf4 c6 6. e3 Bd6 7. Bg3 Bf5 8. Nf3
Nf6 9. Ne5 O-O 10. Be2 Qe7 11. O-O Nbd7 12. Bd3 Bxd3 13. Nxd3 Bxg3 14. hxg3 g6
15. b4 h5 16. a4 Kg7 17. b5 Rh8 18. bxc6 bxc6 19. Qf3 h4 20. g4 h3 21. g3 Qe6
22. g5 Ne4 23. Nf4 Qf5 24. Nxe4 dxe4 25. Qd1 Qxg5 26. Qc2 Nf6 27. Kh2 Qg4 28.
Qe2 Qf5 29. Rfc1 g5 30. Rc5 Qg4 31. Qxg4 Nxg4+ 32. Kg1 h2+ 33. Kg2 Nxf2 34.
Rxg5+ Kf6 35. Kxf2 Kxg5 36. Kg2 Rab8 37. Nh3+ Kg6 38. Nf2 Rb2 39. Rh1 Ra2 40. g4
Rxa4 41. Nxe4 Ra2+ 42. Kg3 a5 43. Nc3 Rc2 44. Na4 Ra2 45. Nc3 Ra3 46. Nd1 Ra1 0-1

[Event "ch-RUS Blitz 2017"]
[Site "Sochi RUS"]
[Date "2017.10.02"]
[Round "7.21"]
[White "Zakaryan, David"]
[Black "Oganian, Miran"]
[Result "1-0"]
[WhiteTitle "FM"]
[BlackTitle "IM"]
[WhiteElo "2293"]
[BlackElo "2454"]
[WhiteFideId "24101923"]
[BlackFideId "4122488"]
[EventDate "2017.10.02"]
[EventType "blitz"]

1. d4 Nf6 2. Nf3 e6 3. Bf4 d5 4. c3 Bd6 5. Bg3 c5 6. e3 Nc6 7. Nbd2 O-O 8. Bd3
Qe7 9. Ne5 Nd7 10. f4 f6 11. Nxc6 bxc6 12. O-O g6 13. e4 cxd4 14. cxd4 f5 15.
exd5 cxd5 16. Rc1 Rb8 17. Nb3 Qg7 18. Bh4 Be7 19. Bxe7 Qxe7 20. Rc7 Rb7 21. Qc2
Rxc7 22. Qxc7 g5 23. Nc5 Qf7 24. Nxd7 Bxd7 25. fxg5 Qg7 26. Qxa7 Rf7 27. Qb8+
Rf8 28. Qf4 Rc8 29. h4 Ra8 30. a3 Ra4 31. Qb8+ Kf7 32. Qd8 Qxd4+ 33. Rf2 Be8 34.
Be2 Kf8 35. Qd6+ Kg8 36. Qxe6+ Kg7 37. Qxf5 Bg6 38. Qf8# 1-0

[Event "ch-RUS Blitz 2017"]
[Site "Sochi RUS"]
[Date "2017.10.02"]
[Round "7.22"]
[White "Savitskiy, Sergey"]
[Black "Kryakvin, Dmitry"]
[Result "1/2-1/2"]
[WhiteTitle "IM"]
[BlackTitle "GM"]
[WhiteElo "2412"]
[BlackElo "2583"]
[WhiteFideId "24105660"]
[BlackFideId "4153278"]
[EventDate "2017.10.02"]
[EventType "blitz"]

1. c4 Nf6 2. Nc3 g6 3. g3 Bg7 4. Bg2 O-O 5. Nf3 d6 6. O-O e5 7. Rb1 a5 8. a3 Re8
9. d3 c6 10. b4 axb4 11. axb4 d5 12. Bg5 d4 13. Ne4 Bf5 14. Nfd2 Qe7 15. c5 Rd8
16. Nc4 Bxe4 17. Bxe4 Nbd7 18. Qb3 h6 19. Bd2 Nxe4 20. dxe4 Qe6 21. Qd3 Ra2 22.
Ra1 Rda8 23. Rxa2 Rxa2 24. Kg2 h5 25. h4 Kh7 26. Qb3 Ra8 27. Na5 Qxb3 28. Nxb3
Bh6 29. Bxh6 Kxh6 30. Ra1 Rxa1 31. Nxa1 Nb8 32. Nc2 Na6 33. Kf1 f5 34. f3 Kg7
35. Ke1 Kf6 36. Kd2 g5 37. hxg5+ Kxg5 38. exf5 Kxf5 39. Kd3 Nc7 40. e4+ dxe3 41.
Nxe3+ Ke6 42. Ke4 Na6 43. Nc2 Kf6 44. Kd3 Kf5 45. Kc4 Nc7 46. Ne3+ Ke6 47. Kd3
Nb5 48. Nc4 Kf5 49. Na5 Nd4 50. Nxb7 Nxf3 51. Nd6+ Ke6 52. b5 cxb5 53. Nxb5 Kd5
54. Nc3+ Kxc5 55. Ke4 Nd2+ 56. Kxe5 Nf1 57. Ke4 1/2-1/2

[Event "ch-RUS Blitz 2017"]
[Site "Sochi RUS"]
[Date "2017.10.02"]
[Round "7.23"]
[White "Dzhumagaliev, Yan"]
[Black "Selin, Vladimir"]
[Result "1-0"]
[WhiteTitle "FM"]
[WhiteElo "2400"]
[BlackElo "2322"]
[WhiteFideId "24100110"]
[BlackFideId "4168321"]
[EventDate "2017.10.02"]
[EventType "blitz"]

1. d4 d5 2. c4 dxc4 3. Nf3 Nf6 4. e3 Bg4 5. Bxc4 e6 6. h3 Bh5 7. Nc3 Nbd7 8. Qb3
Bxf3 9. gxf3 Nb6 10. Bb5+ c6 11. Be2 Be7 12. a4 a5 13. e4 O-O 14. Be3 Nfd7 15.
Rd1 Qc7 16. h4 c5 17. Nb5 Qb8 18. d5 exd5 19. exd5 Nc8 20. d6 Bf6 21. h5 Ra6 22.
h6 g6 23. Bf4 Re8 24. Kf1 Rc6 25. Bc4 Rf8 26. Bd5 Rb6 27. Qc2 Na7 28. Bg3 Nxb5
29. axb5 Rxb5 30. Qa4 Rxb2 31. Qxd7 Qa7 32. Re1 Qa8 33. Kg2 a4 34. Be5 Rd8 35.
Qxf7+ 1-0

[Event "ch-RUS Blitz 2017"]
[Site "Sochi RUS"]
[Date "2017.10.02"]
[Round "7.24"]
[White "Novikov, Konstantin"]
[Black "Sharafiev, Azat"]
[Result "1/2-1/2"]
[BlackTitle "IM"]
[WhiteElo "2227"]
[BlackElo "2433"]
[WhiteFideId "24163554"]
[BlackFideId "4186214"]
[EventDate "2017.10.02"]
[EventType "blitz"]

1. e4 c5 2. Nf3 Nc6 3. c3 d5 4. exd5 Qxd5 5. d4 Bf5 6. Be3 cxd4 7. Nxd4 Nxd4 8.
Qxd4 Qxd4 9. Bxd4 Nf6 10. Bb5+ Bd7 11. Bxd7+ Nxd7 12. Nd2 e5 13. Be3 Bc5 14. Nc4
Bxe3 15. Nxe3 O-O-O 16. O-O-O Nc5 17. Rxd8+ Rxd8 18. f3 e4 19. fxe4 Nxe4 20. Rf1
f6 21. Rf4 Ng5 22. Rc4+ Kd7 23. Nf5 Ne6 24. Rh4 h6 25. Rg4 g5 26. Ra4 h5 27.
Rxa7 Kc6 28. Ra4 Nf4 29. g3 Nd3+ 30. Kc2 Ne1+ 31. Kb3 Rd2 32. Rc4+ Kb6 33. Rb4+
Kc6 34. Rc4+ Kb6 35. Rb4+ 1/2-1/2

[Event "ch-RUS Blitz 2017"]
[Site "Sochi RUS"]
[Date "2017.10.02"]
[Round "7.25"]
[White "Alexeev, Alexey"]
[Black "Potapov, Pavel"]
[Result "1/2-1/2"]
[WhiteTitle "IM"]
[BlackTitle "GM"]
[WhiteElo "2299"]
[BlackElo "2479"]
[WhiteFideId "14106663"]
[BlackFideId "4169786"]
[EventDate "2017.10.02"]
[EventType "blitz"]

1. e4 c5 2. a3 Nf6 3. e5 Nd5 4. Nc3 Nxc3 5. dxc3 e6 6. Nf3 Nc6 7. Bf4 Be7 8. Qd2
b6 9. O-O-O Bb7 10. h4 Qc7 11. h5 h6 12. Rh3 O-O-O 13. Rg3 Bf8 14. Bd3 Ne7 15.
Qe2 Nd5 16. Bd2 f6 17. c4 Ne7 18. Bf4 Nc6 19. Qe3 fxe5 20. Nxe5 Nxe5 21. Bxe5 d6
22. Bc3 e5 23. f4 exf4 24. Qxf4 Kb8 25. Be4 Bxe4 26. Qxe4 Rg8 27. Rg6 Be7 28.
Kb1 Bg5 29. Qd5 Bf4 30. Re1 Be5 31. Bxe5 dxe5 32. Qxe5 Qxe5 33. Rxe5 Rd7 34. g4
Rf8 35. g5 hxg5 36. Rexg5 Rff7 37. b3 Kc7 38. Kb2 a5 39. b4 axb4 40. axb4 cxb4
41. Kb3 Rf1 42. Kxb4 Rb1+ 43. Kc3 Rh1 44. Rxg7 Rxg7 45. Rxg7+ Kc6 46. Rg6+ Kc5
47. Rg5+ Kc6 48. Kd4 Rh2 49. c3 Rh3 50. Rg6+ Kc7 51. h6 Rh4+ 52. Kd3 Rh3+ 53.
Kc2 Rh2+ 54. Kb3 Rh4 55. Kb4 Kb7 56. Kb5 Rh5+ 57. Kb4 Rh4 58. Kb3 Rh5 59. Kc2
Rh3 60. Kb3 Rh5 61. Ka3 Rh3 62. Kb4 Rh4 63. Rf6 Rh5 64. Kb3 Rh4 65. c5 bxc5 66.
c4 Kc7 67. Rg6 1/2-1/2

[Event "ch-RUS Blitz 2017"]
[Site "Sochi RUS"]
[Date "2017.10.02"]
[Round "7.26"]
[White "Korchmar, Vasiliy"]
[Black "Magomedov, Murad"]
[Result "1-0"]
[WhiteTitle "IM"]
[BlackTitle "FM"]
[WhiteElo "2399"]
[BlackElo "2280"]
[WhiteFideId "24131750"]
[BlackFideId "4192630"]
[EventDate "2017.10.02"]
[EventType "blitz"]

1. d4 d5 2. Nf3 Nf6 3. Bf4 e6 4. e3 c5 5. c3 Bd6 6. Nbd2 O-O 7. Bd3 Bxf4 8. exf4
b6 9. Qe2 a5 10. a4 Ba6 11. Bb5 c4 12. Bxa6 Nxa6 13. O-O Rb8 14. Ne5 Qc7 15. b3
b5 16. axb5 Rxb5 17. bxc4 dxc4 18. Ndxc4 Nd5 19. Na3 Nxc3 20. Qd3 Rb6 21. Nac4
Rb3 22. Nxa5 Nb4 23. Qd2 Ne4 24. Qe2 Nc3 25. Qd2 Ne4 26. Qe2 Nc3 27. Qf3 Rb2 28.
Nac4 Rc2 29. Ne3 Rd2 30. N3c4 Rc2 31. Ne3 Rd2 32. f5 Ne2+ 33. Kh1 Nxd4 34. Qf4
exf5 35. Nxf5 1-0

[Event "ch-RUS Blitz 2017"]
[Site "Sochi RUS"]
[Date "2017.10.02"]
[Round "7.27"]
[White "Gabdushev, Ruslan"]
[Black "Vastrukhin, Oleg"]
[Result "0-1"]
[WhiteTitle "FM"]
[WhiteElo "2292"]
[BlackElo "2386"]
[WhiteFideId "4137833"]
[BlackFideId "4192770"]
[EventDate "2017.10.02"]
[EventType "blitz"]

1. b3 Nf6 2. Bb2 d5 3. e3 Bg4 4. Ne2 Nbd7 5. h3 Bh5 6. d3 e6 7. Nd2 c6 8. g3 Bd6
9. Bg2 O-O 10. O-O Bg6 11. a3 h6 12. Kh2 a5 13. f4 a4 14. b4 c5 15. bxc5 Bxc5
16. e4 dxe4 17. dxe4 Bh5 18. c4 Nb6 19. e5 Nfd7 20. g4 Bg6 21. f5 Bh7 22. Rc1
Qc7 23. Ng3 Nxe5 24. Qe2 Nbd7 25. Nde4 exf5 26. gxf5 Rae8 27. Qc2 Nf6 28. Nxc5
Qxc5 29. Rf4 Ned7 30. Bxb7 Qc7 31. Rg4 Nxg4+ 32. hxg4 Qxb7 33. Nh5 f6 34. c5
Qc7+ 35. Kh3 Re3+ 36. Kh4 Ne5 37. Bxe5 fxe5 38. c6 Qe7+ 39. f6 Rxf6 0-1

[Event "ch-RUS Blitz 2017"]
[Site "Sochi RUS"]
[Date "2017.10.02"]
[Round "8.1"]
[White "Artemiev, Vladislav"]
[Black "Grachev, Boris"]
[Result "1-0"]
[WhiteTitle "GM"]
[BlackTitle "GM"]
[WhiteElo "2692"]
[BlackElo "2654"]
[WhiteFideId "24101605"]
[BlackFideId "4129199"]
[EventDate "2017.10.02"]
[EventType "blitz"]

1. e4 c5 2. Nf3 e6 3. g3 Nc6 4. Bg2 Nf6 5. Qe2 d6 6. O-O Be7 7. e5 dxe5 8. Nxe5
Nxe5 9. Qxe5 O-O 10. Nc3 Bd6 11. Qe2 a6 12. d3 Rb8 13. a4 b6 14. Rd1 e5 15. Bg5
h6 16. Bxf6 Qxf6 17. Re1 Qg6 18. Nd5 Kh8 19. Qd2 Bb7 20. c4 Bxd5 21. Bxd5 a5 22.
Re2 f5 23. Rae1 Rbe8 24. Kh1 Re7 25. f3 Bc7 26. Rg2 Qf6 27. Rf1 Rd8 28. g4 fxg4
29. Rxg4 e4 30. Bxe4 Rf8 31. Qg2 Bf4 32. Qh3 Be3 33. f4 Qd4 34. Rg6 1-0

[Event "ch-RUS Blitz 2017"]
[Site "Sochi RUS"]
[Date "2017.10.02"]
[Round "8.2"]
[White "Demidov, Mikhail"]
[Black "Jakovenko, Dmitry"]
[Result "1-0"]
[WhiteTitle "IM"]
[BlackTitle "GM"]
[WhiteElo "2521"]
[BlackElo "2710"]
[WhiteFideId "4197143"]
[BlackFideId "4122356"]
[EventDate "2017.10.02"]
[EventType "blitz"]

1. d4 Nf6 2. Nf3 e6 3. c4 b6 4. e3 Bb7 5. Bd3 d5 6. Nc3 Bd6 7. cxd5 exd5 8. Qa4+
Nbd7 9. Ba6 Qc8 10. Bxb7 Qxb7 11. O-O O-O 12. Qc2 Rac8 13. b3 c5 14. dxc5 Nxc5
15. Bb2 Nce4 16. Qd3 Nxc3 17. Bxc3 Ne4 18. Bb2 Rfd8 19. Rac1 Bf8 20. Rfd1 h6 21.
h3 Bc5 22. a3 a5 23. Rc2 Qe7 24. Rdc1 Qe6 25. Nd4 Qg6 26. b4 axb4 27. axb4 Ra8
28. bxc5 bxc5 29. Nc6 Qxc6 30. f3 Ng5 31. Rxc5 Qb7 32. R5c2 Ne6 33. f4 Qa6 34.
Qd2 Qa5 35. Bc3 Qb6 36. Rd1 Nf8 37. Qd4 1-0

[Event "ch-RUS Blitz 2017"]
[Site "Sochi RUS"]
[Date "2017.10.02"]
[Round "8.3"]
[White "Moskalenko, Alexander"]
[Black "Tsydypov, Zhamsaran"]
[Result "1/2-1/2"]
[WhiteTitle "IM"]
[BlackTitle "IM"]
[WhiteElo "2531"]
[BlackElo "2529"]
[WhiteFideId "4155351"]
[BlackFideId "4108566"]
[EventDate "2017.10.02"]
[EventType "blitz"]

1. c4 Nf6 2. Nc3 e5 3. g3 d5 4. cxd5 Nxd5 5. Bg2 Nb6 6. Nf3 Nc6 7. O-O Be7 8.
Rb1 f6 9. a3 a5 10. d3 Be6 11. Na4 Nxa4 12. Qxa4 O-O 13. Be3 Qd7 14. Rfc1 Rfb8
15. Nd2 Bd5 16. Bxd5+ Qxd5 17. Qc4 Qxc4 18. Rxc4 a4 19. Ne4 Ra5 20. Rbc1 Rba8
21. R1c2 Kf7 22. f4 Ke6 23. Kf2 g6 24. fxe5 fxe5 25. g4 Kd7 26. Bc5 Bh4+ 27. Kg2
Bd8 28. Bb4 Nxb4 29. Rxb4 b6 30. Rc1 Be7 31. Rbc4 c5 32. Nc3 b5 33. Re4 Bd6 34.
Nd5 Ke6 35. Nf4+ Kd7 36. Nd5 Ke6 37. Ne3 Rf8 38. Rf1 Rxf1 39. Nxf1 Ra7 40. Nd2
Rf7 41. h3 Kd5 42. e3 Rb7 43. Kf2 Rf7+ 44. Ke2 Rb7 45. g5 Be7 46. h4 Bd8 47. Nb1
b4 48. Nd2 Ba5 49. Nc4 Bc7 50. Nd2 Ba5 51. Nf3 Bc7 52. Kd2 Bd6 53. Rc4 Rf7 54.
Ke2 Rb7 55. Nd2 Be7 56. Ne4 Rb6 57. Kf3 Rb7 58. Ke2 Rb6 59. Kd2 Rb7 60. Ke2 Rb6
61. Nd2 Rb7 62. Nf3 Bd6 63. Nd2 Be7 64. Ne4 Ra7 65. Kf3 Rb7 66. Kg4 Ra7 67. h5
Rb7 68. hxg6 hxg6 69. Kf3 Rb6 70. Ke2 Rb7 71. Kd2 Rb8 72. Rc1 bxa3 73. bxa3 Rb3
74. Rc3 Rb2+ 75. Rc2 Rb3 76. Rc3 Rb2+ 77. Rc2 Rb3 78. Rc3 Rb2+ 1/2-1/2

[Event "ch-RUS Blitz 2017"]
[Site "Sochi RUS"]
[Date "2017.10.02"]
[Round "8.4"]
[White "Andreikin, Dmitry"]
[Black "Timofeev, Artyom"]
[Result "1-0"]
[WhiteTitle "GM"]
[BlackTitle "GM"]
[WhiteElo "2708"]
[BlackElo "2549"]
[WhiteFideId "4158814"]
[BlackFideId "4140419"]
[EventDate "2017.10.02"]
[EventType "blitz"]

1. d4 d5 2. c4 dxc4 3. e3 e6 4. Bxc4 Nf6 5. Nf3 a6 6. O-O c5 7. Qe2 Nc6 8. Rd1
Qc7 9. Nc3 Be7 10. dxc5 Bxc5 11. b3 O-O 12. Bb2 Qe7 13. Bd3 Ba3 14. Bxa3 Qxa3
15. Ne4 Nd5 16. Rac1 Rd8 17. Bb1 h6 18. h3 Qe7 19. Qc2 Ncb4 20. Qb2 Nc6 21. Ne5
Nxe5 22. Qxe5 b6 23. Ng3 Bb7 24. Be4 Rd7 25. Bxd5 Bxd5 26. e4 Bc6 27. Rxd7 Qxd7
28. Nh5 f6 29. Qg3 Kh7 30. Nxg7 Rf8 31. Nh5 Rf7 32. Qc3 1-0

[Event "ch-RUS Blitz 2017"]
[Site "Sochi RUS"]
[Date "2017.10.02"]
[Round "8.5"]
[White "Khismatullin, Denis"]
[Black "Rakhmanov, Aleksandr"]
[Result "1-0"]
[WhiteTitle "GM"]
[BlackTitle "GM"]
[WhiteElo "2628"]
[BlackElo "2669"]
[WhiteFideId "4142578"]
[BlackFideId "4173708"]
[EventDate "2017.10.02"]
[EventType "blitz"]

1. Nf3 Nf6 2. c4 d6 3. Nc3 e5 4. d4 e4 5. Nd2 Bf5 6. e3 c6 7. b4 d5 8. c5 a6 9.
Be2 h5 10. h3 Be7 11. Nb3 Nbd7 12. a4 g5 13. Bb2 Kf8 14. Kd2 Kg7 15. b5 Qc7 16.
b6 Qc8 17. Qg1 Nf8 18. Qh2 Ne6 19. Qe5 Kg6 20. Rag1 h4 21. Na5 Nd7 22. Qh2 Kg7
23. f3 exf3 24. gxf3 Bg6 25. Kc1 Re8 26. Bd1 Bf6 27. Bc2 Nexc5 28. dxc5 Rxe3 29.
Nd1 Bxb2+ 30. Kxb2 Re5 31. f4 gxf4 32. Qxf4 Qd8 33. Nxb7 Qe7 34. Rh2 Rb8 35.
Rhg2 Nf8 36. Nd6 Re2 37. Rxe2 Qxe2 38. Qxf7+ Kh8 39. Qf6+ Kh7 40. Rxg6 1-0